000
00223nam a2200097Ia 4500
008
220204s9999 xx 000 0 und d
082
_a
82-3
_b
MIL
100
_a
Millard, Joe
245
0
_a
Blood for a dirty dollar
942
_c
BK
999
_c
38748
_d
38748